[Event "9th Bangabandhu Blitz Women 2021"]
[Site "Dhaka"]
[Date "2021.04.03"]
[Round "5.4"]
[White "Israt, Jahan Diba"]
[Black "Hamid, Rani"]
[Result "1-0"]
[WhiteElo "1675"]
[BlackElo "1920"]
[Annotator "NA"]
[PlyCount "61"]
[EventDate "2021.04.02"]
[EventType "swiss"]
[EventCountry "BAN"]
[SourceTitle "playchess.com"]
[Source "ChessBase"]
[SourceQuality "1"]
[TimeControl "1500+10"]

1. e4 {[%emt 0:25:10]} c5 {[%emt 0:25:10]} 2. Nf3 {[%emt 0:00:10]} e6 {[%emt 0:00:10]} 3. d4 {[%emt 0:00:10]} cxd4 {[%emt 0:00:10]} 4. Nxd4 {[%emt 0:00:10]} a6 5. Nc3 {[%emt 0:00:10]} Qc7 {[%emt 0:00:20]} 6. Be3 {[%emt 0:00:10]} Nf6 {[%emt 0:00:10]} 7. Be2 {[%emt 0:00:10]} Bb4 {[%emt 0:00:10]} 8. Qd3 {[%emt 0:00:10]} d5 {[%emt 0:00:10]} 9. exd5 {[%emt 0:00:10]} Nxd5 {[%emt 0:00:10]} 10. Bd2 {[%emt 0:00:10]} Bxc3 {[%emt 0:00:10]} 11. Bxc3 {[%emt 0:00:10]} Nf4 {[%emt 0:00:10]} 12. Qf3 {[%emt 0:00:10]} Nxe2 {[%emt 0:00:10]} 13. Nxe2 {[%emt 0:00:10]} O-O {[%emt 0:00:10]} 14. O-O {[%emt 0:00:10]} Nc6 {[%emt 0:00:10]} 15. Qg4 {[%emt 0:00:10]} f5 {[%emt 0:00:10]} 16. Qf3 {[%emt 0:00:10]} Bd7 {[%emt 0:00:10]} 17. Nf4 {[%emt 0:00:10]} b5 {[%emt 0:00:10]} 18. Qg3 {[%emt 0:00:10]} Rf7 {[%emt 0:00:10]} 19. Rfe1 {[%emt 0:00:10]} Re8 {[%emt 0:00:10]} 20. Rad1 {[%emt 0:00:10]} Bc8 {[%emt 0:00:10]} 21. Qg5 {[%emt 0:00:10]} b4 {[%emt 0:00:10]} 22. Bd2 {[%emt 0:00:10]} a5 {[%emt 0:00:10]} 23. Nh5 {[%emt 0:00:10]} Ref8 {[%emt 0:00:10]} 24. Bf4 {[%emt 0:00:10]} e5 {[%emt 0:00:10]} 25. Be3 {[%emt 0:00:10]} Nd4 {[%emt 0:00:10]} 26. Bxd4 {[%emt 0:00:10]} exd4 27. Rxd4 {[%emt 0:00:10]} Qxc2 {[%emt 0:00:20]} 28. Rd2 {[%emt 0:00:10]} Qc6 {[%emt 0:00:10]} 29. Rd8 {[%emt 0:00:10]} Bb7 {[%emt 0:00:10]} 30. Rxf8+ {[%emt 0:00:10]} Rxf8 {[%emt 0:00:10]} 31. Qxg7# {[%emt 0:00:10]} 1-0

[Event "9th Bangabandhu Blitz Women 2021"]
[Site "Dhaka"]
[Date "2021.04.03"]
[Round "6.1"]
[White "Sultana, Sharmin Shirin"]
[Black "Talukder, Umme Taslima Protiva"]
[Result "1-0"]
[WhiteElo "2006"]
[BlackElo "1722"]
[Annotator "TA"]
[PlyCount "33"]
[EventDate "2021.04.02"]
[EventType "swiss"]
[EventCountry "BAN"]
[SourceTitle "playchess.com"]
[Source "ChessBase"]
[SourceQuality "1"]

{[%evp 9,33,24,46,25,25,11,15,14,13,18,14,10,17,0,26,18,44,30,51,64,132,128,389,390,337,367]} 1. d4 d5 2. Nf3 e6 3. Bf4 Nf6 4. e3 c6 5. Bd3 Nbd7 6. Nbd2 {D02: 1 d4 d5 2 Nf3 sidelines, including 2...Nf6 3 g3 and 2...Nf6 3 Bf4.} Be7 7. h3 b6 8. O-O {The position is equal.} O-O 9. c4 Bb7 10. Rc1 Rc8 11. Qe2 {[#]} Re8 $146 ({Predecessor:} 11... c5 12. Bh2 cxd4 13. exd4 Re8 14. a3 Nf8 15. Rfe1 Bd6 16. Bxd6 Qxd6 17. b4 dxc4 18. Nxc4 {0-1 (54) Batyrowa,M (1492)-Khuslen,T (1630) Sochi 2016}) 12. Rfd1 Nf8 13. e4 dxe4 14. Nxe4 c5 (14... Nh5 $14 15. Bh2 f5) 15. dxc5 $16 {And now Nxf6+ would win.} Ra8 $2 {[%mdl 8192]} (15... N6d7 $16 16. cxb6 Qxb6) 16. Nxf6+ $18 Bxf6 {[#]} 17. Bxh7+ $1 {[%mdl 512] Weighted Error Value: White=0.07/Black=0.36} 1-0

[Event "9th Bangabandhu Blitz Women 2021"]
[Site "Dhaka"]
[Date "2021.04.03"]
[Round "6.2"]
[White "Noshin, Anjum"]
[Black "Israt, Jahan Diba"]
[Result "0-1"]
[WhiteElo "1912"]
[BlackElo "1675"]
[Annotator "TA"]
[PlyCount "140"]
[EventDate "2021.04.02"]
[EventType "swiss"]
[EventCountry "BAN"]
[SourceTitle "playchess.com"]
[Source "ChessBase"]
[SourceQuality "1"]

{[%evp 18,140,25,25,145,142,148,156,217,177,190,190,195,179,205,150,148,121,121,121,121,114,193,111,173,104,85,75,185,120,185,135,185,100,145,92,134,56,66,40,54,0,214,140,133,124,526,129,133,-375,1718,616,1490,220,922,285,264,228,362,361,427,206,313,82,104,83,99,0,49,-180,0,-579,-576,-544,-486,-29964,-29966,-29966,-29967,-29967,-29968,-5265,-1266,-1398,-1198,-952,-843,-772,-664,-662,-652,-670,-589,-563,-556,-29999,-599,-29978,-29979,-29978,-29979,-29982,-29983,-29982,-29982,-29982,-29982,-29986,-29987,-29987,-29988,-29988,-29986,-29989,-29990,-29991,-29989,-29991,-29992,-29992,-29992,-29993,-29993,-29993,-29994]} 1. e4 c5 2. Nf3 d6 3. d4 cxd4 4. Nxd4 Nf6 5. Nc3 g6 6. Be3 Bg7 7. f3 O-O 8. Qd2 Nc6 9. O-O-O d5 10. Qe1 Qc7 {B76: Sicilian Dragon: Yugoslav Attack, 9 g4 and 9 0-0-0.} (10... e5 $11 11. Nxc6 bxc6) 11. exd5 $16 Nxd4 12. Bxd4 {[#]} Bf5 $146 (12... a6 $16 {keeps fighting.} 13. Be5 Qd8) ({Predecessor:} 12... Rd8 13. Qe5 Qxe5 14. Bxe5 b6 15. Bb5 Bd7 16. Ba6 Bc8 17. Bc4 Bb7 18. Rhe1 Rac8 19. Bb3 b5 20. Nxb5 Bh6+ 21. Kb1 Nxd5 22. Nxa7 Ra8 23. Bd4 {1-0 (23) Folk,P (2256)-Cuhra,M (2093) Klatovy 2007}) 13. Be5 Qc5 14. g4 Bd7 15. g5 Nh5 16. Bxg7 Kxg7 17. Qe5+ f6 18. gxf6+ exf6 19. Qd4 Qc7 (19... Rac8 $16 20. Rg1 Rfe8) 20. Bd3 (20. d6 $18 Qb6 21. Qxb6 axb6 22. Bb5) 20... Nf4 (20... Qf4+ $16 {was called for.} 21. Qxf4 Nxf4) 21. Rhe1 ({Better is} 21. Bb5 $18 Bxb5 22. Nxb5) 21... Nxd3+ 22. Qxd3 Bf5 {[#]} (22... Qxh2 $16 {might work better.} 23. Qd4 h5) 23. Qb5 (23. d6 $1 $18 {[%mdl 512]} Qc6 24. Re7+ Rf7 25. Rxf7+ Kxf7 26. Ne4) 23... a6 (23... Qf4+ $16 24. Kb1 Rf7) 24. Qb4 Rfe8 25. Qh4 (25. d6 $18 Qd7 26. Rxe8 Rxe8 27. Ne4) 25... b5 26. Kb1 (26. d6 $142 Qc6 27. Qd4) 26... a5 27. a3 (27. d6 $16 Qd7 28. Ne4 Bxe4 29. Rxe4) 27... b4 $14 28. axb4 axb4 29. Qxb4 (29. Rxe8 $14 Rxe8 30. Qxb4) 29... Rab8 $2 (29... Qa7 $1 $11 30. Kc1 Qf2 31. Re7+ Rxe7 32. Qxe7+ Kh8) 30. Qa3 Ra8 {[#]} 31. d6 $1 Qb7 {[%mdl 8192] [#]} (31... Qb6 $16 {is a better chance.} 32. Re7+ Rxe7 33. Qxa8 Rb7) 32. Qc5 $2 (32. d7 $1 $18 {[%mdl 512]} Bxd7 33. Re7+ {[%mdl 64] Double Attack} Kh6 34. Rexd7 Qxd7 35. Rxd7 Rxa3 36. bxa3) 32... Qa6 $16 {[%csl Ga8][%cal Ra6a1] [#]} 33. Qc7+ $2 {[%mdl 8192]} (33. Kc1 $1 $16 {is necessary to keep the advantage.} Rac8 {[#]} 34. d7 $1 {[%mdl 576] Double Attack} Rxe1 35. Qxc8 (35. Rxe1 Rxc5 36. Re7+ Kh6 $11) (35. dxc8=B Rxd1+ 36. Kxd1 Bxc8 $16) 35... Qxc8 36. dxc8=N (36. dxc8=R Rxd1+ 37. Nxd1 Bxc8 $18) 36... Rxd1+ 37. Kxd1 Bxc8 38. Ke2) 33... Kg8 $4 {[%mdl 8192]} (33... Kh6 $19 34. Kc1 Qa1+ 35. Kd2 Qxb2) 34. Rxe8+ $18 Rxe8 35. Qc5 $2 (35. d7 Bxd7 36. Rxd7 Qf1+ 37. Ka2 Qa6+ 38. Kb3 Qe6+ 39. Nd5 Qxd7 40. Nxf6+ Kf7 41. Nxd7) 35... Be6 $2 (35... Ra8 36. Qa3 Qxa3 37. bxa3 Rb8+ 38. Kc1 Rc8) 36. Qb4 $2 (36. d7 Rd8 37. Qe7 {[%mdl 64] Double Attack} Rxd7 38. Rxd7 Bxd7 39. Qxd7) 36... Ra8 {[%csl Ga8][%cal Ra6a1]} 37. Kc1 {Threatens to win with d7.} Qa1+ (37... Bf5 {is a better defense.} 38. d7 Rd8) 38. Nb1 {And now d7 would win.} Qa6 39. Qc3 (39. d7 $142 Bxd7 40. Rxd7) 39... Rd8 (39... Rc8 $142 40. Qxf6 Bf5) 40. Qe3 $2 (40. Qxf6 $18 {and White stays clearly on top.} Rxd6 41. Rxd6 Qxd6 42. Nc3) 40... Rxd6 $16 41. Rxd6 Qxd6 42. Qc3 (42. Nc3 $16) 42... Kg7 43. Qa5 $2 (43. Qd2 $14 Qc6 44. Qe3) 43... Qf4+ $2 {Black continues to play with concentration.} (43... Qxh2 $19 44. Qe1 Bf7) 44. Kd1 $2 {[%mdl 8192]} (44. Qd2 $11 {and White has nothing to worry.} Qxf3 45. b4) 44... Qxf3+ $19 45. Kd2 {If White can now play Qc7+ this consolidates a bit.} Qf2+ 46. Kc3 (46. Kd3 $19 Qf1+ 47. Kd2 Qxb1 48. Qa7+ Bf7 49. b3) 46... Qe1+ {[%mdl 64] Double Attack} 47. Nd2 Qe3+ 48. Kb4 Qxd2+ {[%mdl 64] Double Attack} 49. Kb5 Qd5+ 50. Kb6 Qd8+ 51. Kb5 Bd7+ 52. Kb4 Qe7+ 53. Qc5 Qe4+ 54. Kc3 Qf3+ 55. Kb4 {intending Qe7+.} Qf4+ 56. Ka3 {Now Qe7+ and White clings on.} Qe5 (56... Qa4# $142) 57. Qxe5 fxe5 {[%mdl 4096] Endgame KB-K3P. Black mates.} 58. Kb4 Kf6 59. c4 Kf5 60. Kc3 Ke4 61. b4 Kf3 62. Kd2 e4 63. Ke1 e3 64. b5 Ke4 65. c5 Bxb5 66. h4 Kd5 67. h5 gxh5 68. c6 Kxc6 69. Kd1 e2+ 70. Ke1 h4 {Weighted Error Value: White=1.62/Black=0.86} 0-1

[Event "9th Bangabandhu Blitz Women 2021"]
[Site "Dhaka"]
[Date "2021.04.03"]
[Round "6.3"]
[White "Taspia, Tahsin Prima"]
[Black "Parveen, Tanima"]
[Result "0-1"]
[WhiteElo "1328"]
[BlackElo "1984"]
[Annotator "TA"]
[PlyCount "60"]
[EventDate "2021.04.02"]
[EventType "swiss"]
[EventCountry "BAN"]
[SourceTitle "playchess.com"]
[Source "ChessBase"]
[SourceQuality "1"]

{[%evp 15,60,0,25,-6,-9,-8,0,-38,38,47,45,27,97,91,87,66,49,-115,-106,-110,-108,-113,-97,-94,-93,-90,-55,-176,-106,-179,-173,-190,-183,-181,-127,-181,-151,-154,-142,-135,-113,-278,-120,-229,-229,-29996,-29997]} 1. e4 e5 2. Nf3 Nc6 3. Bc4 Bc5 4. Nc3 d6 5. h3 Nf6 6. O-O O-O 7. d3 h6 8. a3 Be6 $1 {8...Be6 is better than 8...a6.} 9. Ba2 {C50: Hungarian Defence and Giuoco Pianissimo.} Bxa2 10. Nxa2 d5 {[#]} 11. b4 $146 {The position is equal.} ({Predecessor:} 11. exd5 Nxd5 12. c4 Nf4 13. Bxf4 exf4 14. b4 Bd4 15. Rb1 Ne5 16. Nxe5 Bxe5 17. Qf3 {½-½ (17) Djuric,P (1997)-Boban,S (2023) Krapinske Toplice 2015}) 11... Bd6 ({Better is} 11... dxe4 $15 12. dxe4 Bd4) 12. exd5 $14 Nxd5 13. c4 Nf4 (13... Nf6 $11) 14. Bxf4 $16 exf4 15. Re1 Be7 16. Ne5 $2 (16. b5 $14 {keeps the upper hand.} Nb8 17. d4) 16... Nxe5 $17 17. Rxe5 Bf6 18. Rd5 Qe7 {Hoping for ...c6.} 19. Rc1 c6 20. Rf5 Qd6 21. Qf3 {[#]} (21. Nc3 $15 Bxc3 22. Rxc3) 21... g6 (21... a5 $1 $19 22. Re1 Rfe8) 22. Rxf4 (22. Ra5 $17) 22... Bg5 $36 {[%mdl 2112] Skewer. Black has strong initiative.} 23. Re4 Bxc1 24. Nxc1 a5 ({Black should try} 24... Rfe8 $19 25. Nb3 Rad8) 25. c5 (25. Qe3 $17) 25... Qd5 26. Ne2 axb4 27. axb4 Ra3 28. Rd4 $2 (28. Nd4 $17) 28... Qg5 (28... Ra1+ $19 29. Kh2 Qxf3 30. gxf3 Ra2) 29. Rg4 {[#]} (29. Rd7 $17 {was worth a try.}) 29... Qe5 $1 {( -> ...Ra1+)} 30. Re4 $2 (30. Ng3 $19) 30... Ra1+ {Weighted Error Value: White=0.66/Black=0.31} 0-1

[Event "9th Bangabandhu Blitz Women 2021"]
[Site "Dhaka"]
[Date "2021.04.03"]
[Round "6.4"]
[White "Ahmed, Walijah"]
[Black "Jannatul, Ferdous"]
[Result "1/2-1/2"]
[WhiteElo "1902"]
[BlackElo "1710"]
[Annotator "TA"]
[PlyCount "92"]
[EventDate "2021.04.02"]
[EventType "swiss"]
[EventCountry "BAN"]
[SourceTitle "playchess.com"]
[Source "ChessBase"]
[SourceQuality "1"]

{[%evp 9,92,53,72,28,41,29,70,13,124,89,81,54,31,16,110,58,58,59,78,41,54,33,27,31,35,8,47,21,55,55,66,0,39,41,57,53,72,46,60,60,68,54,186,170,133,82,80,21,133,0,0,-75,0,0,24,-106,0,-89,0,-105,-102,-99,-90,-108,-108,-103,-106,-106,-33,-38,-6,-21,0,-35,-33,-88,-29,-23,0,-88,-36,-37,0,-73,0]} 1. e4 b6 2. d4 Bb7 3. Nc3 g6 4. Nf3 Bg7 5. Be3 d6 6. Bd3 {B00: Queen's Fianchetto Defence, Nimzowitsch Defence.} Nd7 7. Qd2 c5 8. dxc5 {[#]} (8. d5 $14) 8... dxc5 $146 (8... Nxc5 $11 {keeps the balance.} 9. Bxc5 dxc5) ({Predecessor:} 8... bxc5 9. O-O Ngf6 10. Bh6 O-O 11. Rfe1 Rc8 12. Rad1 Ng4 13. Bxg7 Kxg7 14. Qf4 Nge5 {1-0 (57) Muminova,N (2274)-Sihite,C (2252) chess.com INT 2020}) 9. O-O Ngf6 10. h3 O-O 11. Bh6 Re8 (11... Qc7 $11) 12. Bxg7 ({White should play} 12. Bc4 $16) 12... Kxg7 $14 13. Rfe1 e5 14. a4 Qe7 15. Rad1 Rad8 16. Qe3 Nb8 17. Bb5 Bc6 18. Bc4 Bb7 19. Nd5 Nxd5 20. Bxd5 (20. exd5 $14 f6 21. Nh2) 20... Bxd5 21. exd5 {[%cal Rf3e5]} f6 22. c4 Na6 23. Nd2 Nb4 {With the idea ...Nc2.} 24. Qc3 Qd7 25. Ne4 Qxa4 (25... Na2 $14 26. Qf3 Qf7) 26. Ra1 $18 Qd7 27. f3 (27. f4 $142 {Black must now prevent Nxf6!} Qe7 28. Rf1) 27... a5 $16 28. b3 (28. g4 $16) 28... Na6 (28... Qf5 $11) 29. Qd2 (29. f4 $1 $16 {Threatens to win with Nxf6!} Qe7 30. g4) 29... Nb4 $11 30. Nc3 {[#]} (30. Qc3 $11) 30... Na6 ({Better is} 30... Nc6 $1 $17) 31. Ne4 Nc7 32. Kf2 {[#]} (32. Qe3 $11) 32... Rf8 (32... Ne6 $1 $17 {[%mdl 512]} 33. Ng3 (33. Rab1 Nd4) 33... Nd4) 33. Nc3 {[#]} (33. Re2 $11) 33... Ne8 (33... Ne6 $1 $17) 34. Qa2 (34. f4 $11 {remains equal.}) 34... Nd6 $17 35. Na4 Qb7 36. Rad1 Nf5 37. Nc3 Nd4 38. Ne2 Nxe2 (38... Rfe8 $17 39. Nxd4 cxd4) 39. Rxe2 $15 Rd6 40. Qa4 Rfd8 41. Qb5 Qd7 {aiming for ...Qxb5.} 42. Qa6 (42. Qa4 $15) 42... Qc7 (42... h5 $17) 43. Qb5 $11 Qd7 (43... h5 $11) 44. Qa6 $17 Qe7 (44... h5 $17) 45. Qb5 $15 Qd7 {...Qxb5 is the strong threat.} 46. Qa6 Qe7 {Weighted Error Value: White=0.34/Black=0.39} ({Black should try} 46... h5 $17) 1/2-1/2

[Event "9th Bangabandhu Blitz Women 2021"]
[Site "Dhaka"]
[Date "2021.04.03"]
[Round "7.1"]
[White "Sultana, Sharmin Shirin"]
[Black "Ahmed, Walijah"]
[Result "1-0"]
[WhiteElo "2006"]
[BlackElo "1902"]
[Annotator "ChessBase"]
[PlyCount "39"]
[EventDate "2021.04.02"]
[EventType "swiss"]
[EventCountry "BAN"]
[SourceTitle "playchess.com"]
[Source "ChessBase"]
[SourceQuality "1"]
[TimeControl "1500+10"]

1. d4 {[%emt 0:22:09]} d5 {[%emt 0:22:07]} 2. Nf3 {[%emt 0:00:10]} e6 {[%emt 0:00:09]} 3. Bf4 {[%emt 0:00:10]} Nf6 {[%emt 0:00:10]} 4. e3 {[%emt 0:00:09]} Bd6 {[%emt 0:00:09]} 5. Bg3 {[%emt 0:00:11]} O-O {[%emt 0:00:10]} 6. Bd3 {[%emt 0:00:09]} c5 {[%emt 0:00:09]} 7. c3 {[%emt 0:00:10]} Qc7 {[%emt 0:00:09]} 8. Nbd2 {[%emt 0:00:18]} Nc6 {[%emt 0:00:17]} 9. dxc5 {[%emt 0:00:19]} Bxg3 {[%emt 0:00:11]} 10. hxg3 {[%emt 0:00:09]} e5 {[%emt 0:00:10]} 11. e4 {[%emt 0:00:21]} g6 {[%emt 0:00:30]} 12. Qc2 {[%emt 0:00:27]} Qe7 {[%emt 0:00:24]} 13. O-O-O {[%emt 0:00:34]} Qxc5 {[%emt 0:00:21]} 14. exd5 {[%emt 0:00:17]} Nxd5 {[%emt 0:00:17]} 15. Ne4 {[%emt 0:00:15]} Qa5 {[%emt 0:00:34]} 16. Bc4 {[%emt 0:00:11]} Nb6 {[%emt 0:00:34]} 17. Bb3 {[%emt 0:00:20]} Kg7 {[%emt 0:00:17]} 18. Qd2 {[%emt 0:00:14]} h5 {[%emt 0:00:25]} 19. Rxh5 {[%emt 0:00:22]} f5 {[%emt 0:00:56]} 20. Qh6# {[%emt 0:00:12]} 1-0

[Event "9th Bangabandhu Blitz Women 2021"]
[Site "Dhaka"]
[Date "2021.04.03"]
[Round "7.2"]
[White "Parveen, Tanima"]
[Black "Israt, Jahan Diba"]
[Result "1-0"]
[WhiteElo "1984"]
[BlackElo "1675"]
[Annotator "ChessBase"]
[PlyCount "112"]
[EventDate "2021.04.02"]
[EventType "swiss"]
[EventCountry "BAN"]
[SourceTitle "playchess.com"]
[Source "ChessBase"]
[SourceQuality "1"]
[TimeControl "1500+10"]

1. e4 {[%emt 0:22:06]} c5 {[%emt 0:22:07]} 2. c3 {[%emt 0:00:09]} d6 {[%emt 0:00:10]} 3. d4 {[%emt 0:00:10]} cxd4 {[%emt 0:00:10]} 4. cxd4 {[%emt 0:00:09]} Nf6 {[%emt 0:00:09]} 5. Bd3 {[%emt 0:00:11]} e6 {[%emt 0:00:09]} 6. Nf3 {[%emt 0:00:10]} Be7 {[%emt 0:00:09]} 7. O-O {[%emt 0:00:10]} Nc6 {[%emt 0:00:08]} 8. a3 {[%emt 0:00:10]} O-O {[%emt 0:00:13]} 9. Nc3 {[%emt 0:00:09]} a6 {[%emt 0:00:11]} 10. h3 {[%emt 0:00:10]} b5 {[%emt 0:00:09]} 11. Re1 {[%emt 0:00:14]} Bb7 {[%emt 0:00:11]} 12. Be3 {[%emt 0:00:38]} Rc8 {[%emt 0:00:18]} 13. Rc1 {[%emt 0:00:09]} Qd7 {[%emt 0:00:14]} 14. b4 {[%emt 0:00:11]} Rfd8 {[%emt 0:00:27]} 15. Bb1 {[%emt 0:00:16]} Bf8 {[%emt 0:00:25]} 16. Bg5 {[%emt 0:00:20]} Be7 {[%emt 0:00:12]} 17. Qe2 {[%emt 0:00:12]} h6 {[%emt 0:00:10]} 18. Be3 {[%emt 0:00:12]} Qe8 {[%emt 0:00:23]} 19. Red1 {[%emt 0:00:13]} a5 {[%emt 0:00:28]} 20. bxa5 {[%emt 0:00:18]} Nxa5 {[%emt 0:00:11]} 21. Qxb5 {[%emt 0:00:10]} Qxb5 {[%emt 0:00:16]} 22. Nxb5 {[%emt 0:00:10]} Bxe4 {[%emt 0:00:16]} 23. Bd2 {[%emt 0:00:40]} Nb3 {[%emt 0:00:16]} 24. Rxc8 {[%emt 0:00:18]} Rxc8 {[%emt 0:00:09]} 25. Bb4 {[%emt 0:00:14]} Bxf3 {[%emt 0:00:38]} 26. gxf3 {[%emt 0:00:10]} Ne8 {[%emt 0:00:24]} 27. Ba2 {[%emt 0:00:20]} Nc1 {[%emt 0:00:28]} 28. Bb1 {[%emt 0:00:11]} Ne2+ {[%emt 0:00:11]} 29. Kh2 {[%emt 0:00:16]} Nf4 {[%emt 0:00:15]} 30. Kg3 {[%emt 0:00:11]} Nd5 {[%emt 0:00:11]} 31. Bd2 {[%emt 0:00:15]} Rb8 {[%emt 0:00:12]} 32. Bd3 {[%emt 0:00:12]} Nec7 {[%emt 0:00:17]} 33. a4 {[%emt 0:00:09]} Ra8 {[%emt 0:00:09]} 34. a5 {[%emt 0:00:14]} Nxb5 {[%emt 0:00:11]} 35. Bxb5 {[%emt 0:00:09]} Nc7 {[%emt 0:00:09]} 36. Bc6 {[%emt 0:00:14]} Ra7 {[%emt 0:00:13]} 37. Rb1 {[%emt 0:00:10]} Kh7 {[%emt 0:00:16]} 38. Rb7 {[%emt 0:00:13]} Rxb7 {[%emt 0:00:10]} 39. Bxb7 {[%emt 0:00:09]} Nb5 {[%emt 0:00:12]} 40. Be3 {[%emt 0:00:13]} Bd8 {[%emt 0:00:09]} 41. Bc6 {[%emt 0:00:13]} Na7 {[%emt 0:00:09]} 42. Be4+ {[%emt 0:00:12]} f5 {[%emt 0:00:15]} 43. Bd3 Bxa5 {[%emt 0:00:10]} 44. d5 {[%emt 0:01:00]} Nc8 45. dxe6 {[%emt 0:00:10]} Kg6 {[%emt 0:00:20]} 46. Ba6 {[%emt 0:00:10]} Ne7 {[%emt 0:00:10]} 47. Bd4 {[%emt 0:00:00]} Bc7 {[%emt 0:00:05]} 48. f4 {[%emt 0:00:00]} Nd5 {[%emt 0:00:10]} 49. Bb7 {[%emt 0:00:00]} Ne7 {[%emt 0:00:10]} 50. f3 {[%emt 0:00:00]} Kh7 {[%emt 0:00:11]} 51. Kf2 {[%emt 0:00:00]} d5 {[%emt 0:00:09]} 52. Ke3 {[%emt 0:00:00]} Ng6 {[%emt 0:00:09]} 53. Bxd5 {[%emt 0:00:00]} Bxf4+ {[%emt 0:00:10]} 54. Kd3 {[%emt 0:00:04]} Bd6 {[%emt 0:00:09]} 55. Kc4 {[%emt 0:00:16]} Nf4 {[%emt 0:00:10]} 56. Bc5 {[%emt 0:00:14]} Bxc5 {[%emt 0:00:00]} 1-0

[Event "9th Bangabandhu Blitz Women 2021"]
[Site "Dhaka"]
[Date "2021.04.03"]
[Round "7.3"]
[White "Jannatul, Ferdous"]
[Black "Noshin, Anjum"]
[Result "1-0"]
[WhiteElo "1710"]
[BlackElo "1912"]
[Annotator "ChessBase"]
[PlyCount "105"]
[EventDate "2021.04.02"]
[EventType "swiss"]
[EventCountry "BAN"]
[SourceTitle "playchess.com"]
[Source "ChessBase"]
[SourceQuality "1"]
[TimeControl "1500+10"]

1. d4 {[%emt 0:25:10]} d5 2. Bf4 {[%emt 0:00:10]} Nf6 {[%emt 0:25:20]} 3. Nf3 {[%emt 0:00:10]} c5 {[%emt 0:00:10]} 4. e3 Nc6 {[%emt 0:00:10]} 5. c3 {[%emt 0:00:20]} Qb6 {[%emt 0:00:10]} 6. Qc1 {[%emt 0:00:10]} Bf5 {[%emt 0:00:10]} 7. Nbd2 {[%emt 0:00:10]} e6 8. h3 h6 {[%emt 0:00:20]} 9. Be2 {[%emt 0:00:20]} Be7 {[%emt 0:00:10]} 10. O-O {[%emt 0:00:10]} O-O {[%emt 0:00:10]} 11. Ne5 {[%emt 0:00:10]} Nxe5 {[%emt 0:00:10]} 12. dxe5 {[%emt 0:00:10]} Ne4 {[%emt 0:00:10]} 13. f3 {[%emt 0:00:10]} Nxd2 {[%emt 0:00:10]} 14. Qxd2 {[%emt 0:00:10]} Bh7 {[%emt 0:00:10]} 15. Bg3 {[%emt 0:00:10]} c4 {[%emt 0:00:10]} 16. Bf2 {[%emt 0:00:10]} Bc5 {[%emt 0:00:10]} 17. Rfe1 {[%emt 0:00:10]} Qc7 {[%emt 0:00:10]} 18. f4 {[%emt 0:00:10]} Be4 {[%emt 0:00:10]} 19. Bd1 {[%emt 0:00:10]} b5 {[%emt 0:00:10]} 20. Bc2 {[%emt 0:00:10]} Bxc2 {[%emt 0:00:10]} 21. Qxc2 {[%emt 0:00:10]} a5 {[%emt 0:00:10]} 22. a3 {[%emt 0:00:10]} b4 {[%emt 0:00:10]} 23. cxb4 {[%emt 0:00:10]} axb4 24. axb4 {[%emt 0:00:10]} Bxb4 {[%emt 0:00:20]} 25. Red1 {[%emt 0:00:10]} Rfb8 {[%emt 0:00:10]} 26. e4 {[%emt 0:00:10]} dxe4 {[%emt 0:00:10]} 27. Qxe4 {[%emt 0:00:10]} Rxa1 {[%emt 0:00:10]} 28. Rxa1 {[%emt 0:00:10]} Bc5 {[%emt 0:00:10]} 29. Qc2 {[%emt 0:00:10]} Bxf2+ {[%emt 0:00:10]} 30. Kxf2 {[%emt 0:00:10]} Qb6+ {[%emt 0:00:10]} 31. Kf1 {[%emt 0:00:10]} Qxb2 {[%emt 0:00:10]} 32. Qxb2 {[%emt 0:00:10]} Rxb2 33. Rc1 {[%emt 0:00:10]} Rb4 {[%emt 0:00:20]} 34. Rc3 {[%emt 0:00:10]} Kf8 {[%emt 0:00:10]} 35. Kf2 {[%emt 0:00:10]} Ke7 {[%emt 0:00:10]} 36. g4 {[%emt 0:00:10]} Kd7 {[%emt 0:00:10]} 37. Ke3 {[%emt 0:00:10]} Rb3 {[%emt 0:00:10]} 38. Kd4 {[%emt 0:00:10]} Rb1 {[%emt 0:00:10]} 39. Rxc4 Rd1+ {[%emt 0:00:10]} 40. Ke4 {[%emt 0:00:20]} Rh1 {[%emt 0:00:10]} 41. Rc3 f5+ {[%emt 0:00:10]} 42. gxf5 {[%emt 0:00:20]} Re1+ {[%emt 0:00:10]} 43. Kd4 {[%emt 0:00:10]} exf5 {[%emt 0:00:10]} 44. Kd5 {[%emt 0:00:10]} Rd1+ {[%emt 0:00:10]} 45. Kc4 {[%emt 0:00:10]} Rf1 {[%emt 0:00:10]} 46. Kd5 {[%emt 0:00:10]} Rxf4 {[%emt 0:00:10]} 47. e6+ Ke7 {[%emt 0:00:10]} 48. Rc7+ {[%emt 0:00:20]} Ke8 {[%emt 0:00:10]} 49. Rxg7 {[%emt 0:00:10]} Rf3 {[%emt 0:00:10]} 50. Kd6 {[%emt 0:00:10]} Rd3+ {[%emt 0:00:10]} 51. Ke5 Rxh3 52. Kf6 {[%emt 0:00:20]} Re3 {[%emt 0:00:20]} 53. Rg8# {[%emt 0:00:10]} 1-0